Normal view
MARC view
- Khan, Muhammad Saadat Ali
Entry Personal Name
001 - CONTROL NUMBER
- control field: 19189
003 - CONTROL NUMBER IDENTIFIER
- control field: NUST
005 - DATE AND TIME OF LATEST TRANSACTION
- control field: 20190808055029.0
008 - FIXED-LENGTH DATA ELEMENTS
- fixed length control field: 190808|| aca||aabn | a|a d
040 ## - CATALOGING SOURCE
- Original cataloging agency: NUST
- Transcribing agency: NUST
100 ## - HEADING--PERSONAL NAME
- Personal name: Khan, Muhammad Saadat Ali
670 ## - SOURCE DATA FOUND
- Source citation: Work cat.: (NUST): Khan, Muhammad Saadat Ali, "Improving Profitabilityat Ufone by Optimizing Operating Expenditure" /, 2016.
